OM - Meilleur buteur par saison - Statistiques

Statistiques générales
  • Ce quiz a été pris 112 fois
  • Le résultat moyen est 20 sur 35
Statistiques - réponses
Saison Nationalité Buts Réponse % Correct
2023-2024 Gabon 30 Pierre-Emerick Aubameyang
99%
2022-2023 Chili 18 Alexis Sánchez
98%
2024-2025 Angleterre 22 Mason Greenwood
98%
2018-2019 France 18 Florian Thauvin
96%
2017-2018 France 26 Florian Thauvin
96%
2021-2022 Pologne 20 Arkadiusz Milik
91%
2020-2021 Pologne 10 Arkadiusz Milik
91%
2003-2004 Côte d'Ivoire 32 Didier Drogba
89%
2019-2020 France 12 Dimitri Payet
89%
2014-2015 France 23 André-Pierre Gignac
84%
2013-2014 France 22 André-Pierre Gignac
84%
2012-2013 France 18 André-Pierre Gignac
84%
1991-1992 France 38 Jean-Pierre Papin
75%
1990-1991 France 36 Jean-Pierre Papin
75%
2009-2010 Sénégal 22 Mamadou Niang
73%
2008-2009 Sénégal 20 Mamadou Niang
73%
2007-2008 Sénégal 23 Mamadou Niang
73%
2006-2007 Sénégal 18 Mamadou Niang
73%
2005-2006 Sénégal 17 Mamadou Niang
73%
2015-2016 Belgique 23 Michy Batshuayi
72%
2011-2012 France 22 Loïc Rémy
43%
2010-2011 France 17 Loïc Rémy
43%
2016-2017 France 21 Bafétimbi Gomis
42%
1993-1994 Brésil 16 Sonny Anderson
19%
2000-2001 Algérie 9 Djamel Belmadi
17%
1992-1993 Croatie 29 Alen Bokšić
16%
1995-1996 Irlande 34 Tony Cascarino
15%
1994-1995 Irlande 36 Tony Cascarino
15%
1997-1998 France 13 Laurent Blanc
14%
2004-2005 France 10 Peguy Luyindula
11%
1998-1999 France 19 Florian Maurice
9%
2002-2003 Côte d'Ivoire 11 Ibrahima Bakayoko
9%
2001-2002 Côte d'Ivoire 8 Ibrahima Bakayoko
9%
1999-2000 Côte d'Ivoire 11 Ibrahima Bakayoko
9%
1996-1997 France 15 Xavier Gravelaine
3%
Aucun quiz correspondant
Distribution des résultats
% des personnes avec chaque résultat
Percentile par nombre de réponses
Votre historique - résultats
Vous n’avez pas pris ce quiz